000 01119nam a22002777a 4500
003 OSt
005 20260527074042.0
008 20198b ||||| |||| 00| 0 spa d
020 _a9789945590951
040 _aDO-SdBNP
_bspa
_cBNPHU
082 _a324.97293
_bR893p
100 1 0 _aRozòn, Vladimir
_975833
245 1 0 _aEl perfil del votante dominicano de cara a las elecciones generales 2020 /
_cVladimir Rozò, Jean Luis Sano Santana, Josè Luis Beltrè Polanco
260 _aSanto Domingo :
_bFundaciòn Global Democracia y Desarrollo (FUNGLODE),
_c2019
300 _a53 p.;
_c24 cm
490 _aCuadernos del Observatorio Polìtico Dominicano ;
_vPartidos Plìticos
590 _aInventariado, 2021 / DG
650 0 _aPartidos políticos
_zRepública Dominicana
_9285
650 _aVoto
_zRepùblica Dominicana
_951897
650 _aSufragio
_zRepùblica Dominicana
_977844
700 _aSano Santana, Jean Luis
_977845
700 _aBeltrè Polanco, Josè Luis
_977846
830 _nObservatorio Polìtico Dominicano ; serie Partidos Polìticos
_977847
910 _aInventariado, 2021 / DG
942 _2ddc
_cLBS1
999 _c49408
_d49408